Music Quiz

Random Music or Song Quiz

Simile Songs Quiz Stats

Quiz Updated Jul 15, 2013

Also try: Almost Dirty Words
Challenge
Share
Tweet
Embed
Score 0/24 Timer 05:00
2 Plays Today
Start of the title Like, the rest % Correct
Like AVirgin
92.4%
Dude (Looks Like ALady)
89.9%
Smells LikeTeen Spirit
85.8%
Walk Like AnEgyptian
80.5%
Hungry LikeThe Wolf
78.8%
Cuts Like AKnife
77.9%
Fly Like AnEagle
76.7%
Rock You Like AHurricane
73%
You Spin Me Right Round (Like ARecord)
72.6%
I'm Like ABird
62.6%
Live Like We'reDying
62.5%
She's Like TheWind
54.7%
Start of the title Like, the rest % Correct
Feels Like TheFirst Time
54%
Ain't That Just Like AWoman
44.3%
Like ARolling Stone
40.4%
Like ASurgeon
37.8%
Like APrayer
37.2%
Like ARock
25.9%
Be LikeThat
24.4%
Just LikeHeaven
24%
Like AStone
17.8%
Scream Like ABaby
12.1%
(Just Like)Starting Over
11.7%
Like SpinningPlates
8.5%

You're not logged in!

Compare scores with friends on all Sporcle quizzes.
Sign Up with Email
OR
Log In

You Might Also Like...

Show Comments

Extras

Top Quizzes Today


Score Distribution

Your Account Isn't Verified!

In order to create a playlist on Sporcle, you need to verify the email address you used during registration. Go to your Sporcle Settings to finish the process.